[Event "Sautron op 18th"]
[Site "Sautron "]
[Date "2018.10.25"]
[Round "6.3"]
[White "Nikolov, Momchil"]
[Black "Bujisho, Benjamin"]
[Result "1-0"]
[WhiteElo "2555"]
[BlackElo "2333"]
[Annotator "Primel,D"]
[PlyCount "137"]
[EventDate "2018.10.20"]
[EventType "swiss"]
[EventRounds "9"]
[EventCountry "FRA"]
[SourceTitle "EXT 2021"]
[Source "ChessBase"]
[SourceDate "2020.10.23"]
[SourceVersion "1"]
[SourceVersionDate "2020.10.23"]
[SourceQuality "1"]
[TimeControl "40/5400+30:1800+30"]
[WhiteClock "0:06:52"]
[BlackClock "0:12:35"]

1. c4 {[%emt 0:00:00]} d6 {[%emt 0:04:07]} 2. d4 {[%emt 0:01:38]} e5 {[%emt 0:
00:13]} 3. Nc3 {[%emt 0:02:44]} (3. Nf3 e4) 3... exd4 {[%emt 0:02:34]} 4. Qxd4
{[%emt 0:00:14]} Nc6 {[%emt 0:02:08]} 5. Qd2 {[%emt 0:00:14]} Nf6 {[%emt 0:00:
31]} 6. e4 {[%emt 0:07:21]} g6 {[%emt 0:05:49]} 7. Bd3 {[%emt 0:00:36]} (7. b3
Bg7 8. Bb2) 7... Bg7 {[%emt 0:01:30]} 8. Nge2 $1 {[%emt 0:00:42] Le plan des
Blancs est de jouer e4 et il faut protéger le Nc3 face à la menace tctique
Ne4} Ne5 $5 {[%emt 0:02:53] Gagne la paire de B mais le Bd3 n'est pas très bon
} (8... O-O 9. O-O Nd7 10. b3 Nc5 11. Bb2 f5 12. Bb1 Qf6 13. exf5 Bxf5 14. Ng3
Qd4 15. Qxd4 Nxd4 16. Bxf5 Nxf5 17. Rad1 Nxg3 18. hxg3 Rae8 19. Ba1 a5 20. Nb5
Bxa1 21. Rxa1 c6 22. Nd4 Rd8 23. Nc2 d5 24. cxd5 Rxd5 25. Ne3 Rd4 26. Rfd1 Rfd8
27. Rxd4 Rxd4 28. Rc1 Nd7 29. Nc4 Rd5 30. Re1 Kf7 31. f3 h5 32. Kh2 Kf6 33. f4
Nc5 34. Nxa5 Nd3 35. Rd1 Rxa5 36. Rxd3 Rxa2 37. Rd7 b5 38. Rd6+ {Harikrishna,P
(2672)-Akobian,V (2628) Wijk aan Zee 2010 1/2-1/2 (86)}) 9. O-O {[%emt 0:03:52]
} O-O {[%emt 0:03:32]} 10. b3 {[%emt 0:06:50]} Nxd3 {[%emt 0:17:22]} 11. Qxd3 {
[%emt 0:00:11]} Nd7 $5 {[%emt 0:00:39][%cal Gd7c5,Gc5e4,Gc5d3]} 12. Be3 {
[%emt 0:04:56]} Nc5 {[%emt 0:12:48]} 13. Qd2 {[%emt 0:00:31]} f5 $1 {[%emt 0:
03:08] L'ouverture du centre doit favoriser la paire de B} 14. Rad1 $5 $146 {
[%emt 0:13:00] Après une longue réflexion, le GMI décide de tenter une
petite amélioration} (14. exf5 Bxf5 15. Nd4 Bd7 16. Bg5 Qc8 17. Nd5 Kh8 18.
Rae1 Rf7 19. Re2 Ne6 20. Nxe6 Bxe6 21. Rfe1 Bxd5 22. Qxd5 Rf5 23. Qd2 Qf8 24.
Re4 Re5 25. Rxe5 Bxe5 26. Qd5 Re8 27. g3 c6 28. Qe4 Qg7 29. Kg2 Rf8 30. f4 Bf6
31. Bxf6 Qxf6 32. Qe7 Qg7 33. Qxd6 h5 34. Re7 Rf7 35. Qb8+ Kh7 36. Rxf7 Qxf7
37. Qxa7 Qd7 38. Qe3 Qd1 39. h3 Qc2+ 40. Qf2 Qe4+ 41. Kh2 Qd3 42. g4 hxg4 43.
hxg4 Kg7 {Wiedenkeller,M (2431)-Jones,R (2373) Khanty-Mansiysk 2010 1-0}) 14...
Nxe4 {[%emt 0:07:53]} 15. Qd5+ {[%emt 0:00:46]} Kh8 16. Nxe4 fxe4 {[%emt 0:01:
27]} 17. Qxe4 $14 {[%emt 0:00:56][%csl Rb7]} Qe8 {[%emt 0:03:47]} 18. Qh4 {
[%emt 0:02:15][%cal Gh4f2,Ge3h6,Ge3d4]} b6 {[%emt 0:08:21]} 19. Rfe1 {[%emt 0:
04:55]} Qf7 {[%emt 0:04:48]} 20. Bd4 {[%emt 0:12:51]} Bb7 {[%emt 0:06:53]} 21.
Nc3 {[%emt 0:06:56][%cal Ge1e7]} Rae8 {[%emt 0:00:42]} 22. f3 {[%emt 0:00:15]}
a6 {[%emt 0:02:36]} 23. Rd3 {[%emt 0:05:44]} Rxe1+ {[%emt 0:00:16]} 24. Qxe1 {
[%emt 0:00:03]} Bxd4+ {[%emt 0:01:35]} 25. Rxd4 {[%emt 0:00:03]} Re8 $132 {
[%emt 0:01:01]} 26. Qd2 {[%emt 0:01:02]} Qe7 {[%emt 0:02:25]} 27. Kf2 $5 {
[%emt 0:02:51] Les Blancs commencent à défendre} Qe5 {[%emt 0:02:19]} 28. h4
{[%emt 0:01:14]} Rf8 {[%emt 0:00:35]} 29. Nd5 {[%emt 0:11:08]} Bxd5 {[%emt 0:
01:05]} (29... Rf7) 30. cxd5 {[%emt 0:02:29]} a5 {[%emt 0:00:33]} 31. Qe3 {
[%emt 0:03:15]} Re8 {[%emt 0:00:48]} 32. Re4 {[%emt 0:04:06]} Qb2+ {[%emt 0:00:
01]} 33. Qe2 {[%emt 0:00:25]} Qxe2+ $6 {[%emt 0:00:14] La finale de R est un
peu meilleure pour les Blancs à cause de la faiblesse "c7"} 34. Rxe2 $16 {
[%emt 0:00:16]} Rf8 {[%emt 0:01:51]} (34... Rxe2+ $6 35. Kxe2 Kg7 36. Ke3 Kf6
37. Kd4 Kf5 38. g3 $16) 35. g4 {[%emt 0:01:58]} Rf7 {[%emt 0:00:15]} 36. Kg3 {
[%emt 0:00:44]} Kg7 {[%emt 0:00:01]} 37. f4 {[%emt 0:00:48]} (37. Re6) 37... h5
$1 {[%emt 0:00:31][%cal Gf7f5,Gf5d5] Le coup clé qui va résoudre une partie
des problèmes des Noirs en obtenant l'accès à la case "f5"} 38. g5 {[%emt 0:
00:28]} Rf5 $1 {[%emt 0:00:51]} 39. Rd2 {[%emt 0:00:36]} (39. Re7+ Kf8 40. Rxc7
Rxd5 $132) 39... Kf8 {[%emt 0:00:55][%cal Gf8e7]} (39... Kf7 40. Rc2 Rxd5 41.
Rxc7+ {Avec prise sur échec}) 40. Kf3 {[%emt 0:00:00]} Ke7 {[%emt 0:00:00]}
41. Re2+ {[%emt 0:00:53]} Kf7 {[%emt 0:05:29]} (41... Kd7 42. Re6 Rxd5 43. Rxg6
{[%cal Gf4f8]}) 42. Rc2 $6 {[%emt 0:03:37] Perd l'avantage d'espace et Ke4
semblait permettre de progresser} (42. Ke4 $1 Ke7 (42... c5 $5 43. dxc6 Rc5 44.
Kd4 Rxc6 {[%cal Gd5d6]} 45. Kd5 {[%cal Ge2e6,Gd5d6,Gd5c6]}) 43. Rc2 Kd7 44. a3
Kd8 (44... b5 45. Rc6 {[%cal Gc6a6]}) 45. b4 axb4 46. axb4 Kd7 47. b5 Kd8 48.
Ra2 Kd7 49. Ra8 $18 {[%cal Ga8g8]}) 42... Rxd5 {[%emt 0:00:11]} 43. Rxc7+ {
[%emt 0:00:10]} Kf8 {[%emt 0:00:28]} 44. Rc6 {[%emt 0:04:32]} b5 {[%emt 0:09:
29]} 45. Ra6 {[%emt 0:01:19]} b4 {[%emt 0:03:31]} 46. Ke4 {[%emt 0:00:30]} Rd1
{[%emt 0:00:22]} 47. Rxa5 {[%emt 0:00:59]} Re1+ {[%emt 0:02:52]} 48. Kd5 {
[%emt 0:04:44]} Rf1 {[%emt 0:00:34]} 49. Ra8+ {[%emt 0:00:08]} (49. Ke6 Rxf4
50. Ra8+ Kg7 51. Ra7+ Kf8) 49... Kf7 {[%emt 0:00:28]} 50. Ra7+ {[%emt 0:00:02]}
Kf8 {[%emt 0:00:29]} 51. Rc7 $1 {[%emt 0:00:49]} Rxf4 {[%emt 0:00:53]} 52. Rc4
{[%emt 0:00:09]} Rf2 {[%emt 0:02:02]} 53. Kxd6 {[%emt 0:01:11]} Rxa2 {[%emt 0:
00:03]} 54. Rxb4 {[%emt 0:00:06][%csl Gd6,Rf8,Rg6][%cal Gd6f6] Les Blancs
gardent des petites chances car le K Noir est mal placé} Ra6+ {[%emt 0:01:01]}
55. Kc7 {[%emt 0:00:33] Joué quasiment à tempo alors que Ke5 semblait
laisser moins de contre-jeu aux Noirs} (55. Ke5 $5 Kg7 56. Rb7+ Kg8 57. b4 $16
{[%csl Gb7,Rg8][%cal Ge5c5,Gc5b5] Par rapport à la partie, le K Noir reste
bloqué en 08ème rangée} Ra1 58. b5 Rh1 59. Kf6 Rxh4 60. Kxg6 $40 {[%csl Gg5,
Rg8][%cal Gb7b8]}) 55... Ra7+ {[%emt 0:02:00]} 56. Kb6 {[%emt 0:00:58] Les
Blancs ont progressé et ils vont pouvoir pousser le P passé} Ra3 {[%emt 0:01:
12]} 57. Rf4+ {[%emt 0:00:43]} Ke7 $1 {[%emt 0:00:00]} 58. b4 {[%emt 0:00:07]}
Ke6 {[%emt 0:02:17]} 59. b5 {[%emt 0:00:45]} Ke5 {[%emt 0:00:07]} 60. Rb4 $1 {
[%emt 0:07:38][%cal Gb6d8,Gd8e7,Ge7f7,Gf7g6,Gb5b8]} Kd5 {[%emt 0:02:41]} 61.
Kb7 {[%emt 0:00:16]} Kc5 {[%emt 0:00:09]} 62. Rb1 {[%emt 0:00:06]} Ra4 {
[%emt 0:00:18]} 63. b6 {[%emt 0:00:12]} Rxh4 {[%emt 0:00:04]} 64. Kc8 {[%emt 0:
00:43]} Rf4 {[%emt 0:00:14]} 65. b7 {[%emt 0:00:17]} Rf8+ {[%emt 0:00:51]} 66.
Kd7 {[%emt 0:00:19]} Kd5 {[%emt 0:00:12]} 67. b8=Q {[%emt 0:00:48]} Rxb8 {
[%emt 0:00:05]} 68. Rxb8 {[%emt 0:00:05]} Ke5 {[%emt 0:00:09]} 69. Rf8 {
[%emt 0:00:23] Et 1-0 au lieu de 0,5 sauvegardé par le plateau DGT} 1-0

[Event "BBC TV Master Game, Series 4"]
[Site "Bristol"]
[Date "1979.03.??"]
[Round "1"]
[White "Forintos, Gyozo Victor"]
[Black "Larsen, Bent"]
[Result "0-1"]
[WhiteElo "2425"]
[BlackElo "2620"]
[Annotator "Primel,D"]
[PlyCount "110"]
[EventDate "1979.03.27"]
[EventType "k.o."]
[EventRounds "3"]
[EventCountry "ENG"]
[SourceTitle "EXT 2018"]
[Source "ChessBase"]
[SourceDate "2017.10.13"]
[SourceVersion "1"]
[SourceVersionDate "2017.10.13"]
[SourceQuality "1"]

1. d4 Nf6 2. c4 d6 3. Nc3 Nbd7 4. e4 e5 5. Nge2 Be7 6. g3 a6 $146 (6... O-O 7.
Bg2 c6 8. O-O Re8 9. b3 Nf8 10. Bb2 Bd7 11. h3 a6 12. a4 Ng6 13. Qd3 Bf8 14.
Kh2 Qc7 15. f4 exd4 16. Nxd4 Rad8 17. Rad1 Bc8 18. Nf3 Qb6 19. Qc2 Qa5 20. Ng1
Qh5 21. Bc1 Qa5 22. Bd2 Qc7 23. Qd3 a5 24. Be3 Nd7 25. Bd4 Nc5 26. Qc2 b6 27.
Nf3 f6 28. Ne1 Re7 29. Nd3 Rde8 30. f5 Nxd3 31. Rxd3 Ne5 32. Rd2 Ba6 33. Be3
Rb8 34. Rfd1 Ree8 35. Bd4 g5 36. fxg6 {Makogonov,V-Panov,V Leningrad & Moscow
1939 1-0}) 7. Bg2 h5 $5 {Typique du jeu du danois} 8. h4 c6 9. d5 cxd5 10. Nxd5
(10. cxd5) 10... Nxd5 11. cxd5 Nf6 12. a4 O-O 13. Nc3 Bd7 14. Bg5 Ng4 15. Bxe7
Qxe7 16. Qd2 Rac8 17. O-O Qd8 18. a5 $14 b5 19. Na2 {[%csl Ra6,Rc6][%cal Ga2b4]
} Rc4 $1 20. Nb4 Rd4 21. Qe1 Qa8 {[%cal Gf8c8]} 22. b3 {[%csl Gc4]} Rc8 $132
23. f3 Nf6 24. Rf2 Rc5 25. Rd1 $6 Rxd1 $1 26. Qxd1 Rc3 27. Na2 Rc7 28. Rc2 Qa7+
29. Kh2 Rxc2 30. Qxc2 g6 31. Nb4 Kg7 32. Qc3 Ng8 {[%cal Gf7f5]} 33. Bf1 f5 34.
exf5 Bxf5 35. Kg2 (35. Qc6 Qf2+ 36. Bg2 e4 $40) 35... Ne7 36. Be2 Qb7 37. Qd2
Kh7 38. Bd3 Bxd3 39. Qxd3 Qc8 40. Qe2 $2 (40. Qd2 $11) 40... Qc3 $1 41. Nxa6
Qxa5 {[%csl Ra6]} 42. Nb8 Nxd5 $40 {[%csl Gd6]} 43. Nd7 Qc3 44. Qa2 Qe1 45. Kh2
Ne3 46. Nf6+ Kh6 47. b4 Nf1+ 48. Kg2 Nd2 49. g4 Qf1+ 50. Kh2 Qf2+ 51. Kh3 Qxf3+
52. Kh2 Qf4+ 53. Kh1 hxg4 54. Nxg4+ Kh5 55. Nh2 Nf3 0-1

[Event "Rohde op 07th"]
[Site "Sautron"]
[Date "2007.11.03"]
[Round "9"]
[White "Kazakov, Mikhail"]
[Black "Shirazi, Kamran"]
[Result "1/2-1/2"]
[WhiteElo "2449"]
[BlackElo "2408"]
[Annotator "RR"]
[PlyCount "156"]
[EventDate "2007.10.27"]
[EventType "swiss"]
[EventRounds "9"]
[EventCountry "FRA"]
[SourceTitle "EXT 2008"]
[Source "ChessBase"]
[SourceDate "2007.11.25"]
[SourceVersion "1"]
[SourceVersionDate "2007.11.25"]
[SourceQuality "1"]

1. d4 Nf6 2. c4 d6 3. Nc3 Bf5 {Le répertoire habituel des noirs} 4. g3 (4. Nf3
g6 5. Nh4 (5. Qb3 {[%cal Gb3b7]})) 4... e5 5. Nf3 (5. d5) (5. Bg2) 5... Ne4 {
Une nouveauté au 5ème coup!  Le MI avait déjà essayé cette idée au Championnat
de France 2007} ({RR} 5... Nbd7 6. Bg2 c6 7. Nh4 Bg4 8. h3 Bh5 9. Be3 Be7 10.
Nf5 Bg6 11. Nxg7+ Kf8 12. Bh6 Kg8 13. g4 Bf8 14. Nf5 Bxf5 15. Bxf8 Kxf8 16.
gxf5 Rg8 17. Kf1 Qa5 18. Qd2 exd4 19. Qxd4 Qxf5 20. Qxd6+ {Borisenko,G-Tal,M/
Kiev 1964/URS-ch/1/2-1/2 (54)}) ({RR} 5... Nc6 6. d5 Ne7 7. Bg5 Ng6 8. e4 Bd7
9. h4 h6 10. Bxf6 Qxf6 11. h5 Ne7 12. Nb5 Kd8 13. Bh3 Bxh3 14. Rxh3 Nc8 15. Kf1
Qe7 16. Kg2 Qd7 17. Qd3 a6 18. Nc3 Be7 19. Nd1 Bg5 20. Nxg5 {Hort,V (2595)
-Kavalek,L (2600)/Bugojno 1980/MCD/1/2-1/2 (39)}) 6. Bg2 (6. dxe5 Nc6 $1 (6...
Nxc3 7. bxc3 Nc6 {Terrieux,K (2331)-Shirazi,K (2401) FRA-ch Accession (10) 1-0}
) 7. exd6 Bxd6 8. Qd5 {[%cal Gd5f5,Gd5e4]} Ne7 $1) (6. Nxe4 Bxe4 7. Bg2 exd4 8.
Qxd4 d5 $1 {[%csl Rd4][%cal Gb8c6]}) 6... Nxc3 7. bxc3 Nc6 $132 8. O-O Be7 9.
Ba3 exd4 (9... O-O) 10. cxd4 O-O 11. d5 Na5 12. Nd4 {[%cal Gd4f5]} Bd7 13. Qc2
c5 $1 14. dxc6 bxc6 15. Rad1 Rb8 $11 16. Nb3 c5 $1 {[%csl Ra3,Gd4] la
faiblesse "d6" est relativement facile а protéger mais le Pd5 donne deux cases
fortes "d4" et "b4" aux noirs. Par ailleurs le Ba3 doit être recyclé.} 17. Qc3
(17. Be4 $5 {[%cal Ge4h7]}) 17... Nxb3 18. axb3 {[%csl Rb3,Rb4]} Qb6 19. Rd3
Bf5 $1 20. e4 Bf6 21. Qd2 Be6 $1 22. Rc1 (22. Rxd6 Qxb3) 22... Qa6 23. Bb2 $6
Bxb2 24. Qxb2 Bxc4 $15 25. Re3 Be6 26. Bf1 Qc6 27. Bc4 Rfe8 28. Qd2 Bxc4 29.
Rxc4 h5 30. h4 Re6 31. Qc2 Qb7 32. Qe2 g6 33. Qd3 Rbe8 34. Ra4 a5 35. Kh2 Qc6
36. Qc4 {la structure de P est légèrement plus avantageuse pour les blancs
mais avec des pièces lourdes c'est difficile а gagner} Qb6 37. Qc3 Qb7 (37...
Kh7 38. Qd3 (38. Rxa5 Rxe4)) 38. Qxa5 d5 $1 $11 39. Qxc5 dxe4 40. Ra7 Qb8 41.
Rc7 Qd8 42. Qc4 Rf6 43. Kg2 Rf5 44. Rc5 Rxc5 45. Qxc5 Qf6 46. b4 Re5 47. Qd4
Qf5 48. Ra3 Kh7 49. Re3 Re6 50. Rc3 Re5 51. Qe3 Kg7 52. Rc7 Rb5 53. Qd4+ Qe5
54. Qc4 Qd5 55. Rc8 Qxc4 56. Rxc4 Re5 57. Rc3 Rb5 58. Rc4 Re5 59. Rc3 Rb5 60.
Rb3 Kf6 61. Kf1 Ke5 62. Ke2 Kd4 63. Rb1 f6 64. Rd1+ Ke5 65. Rb1 Kd4 66. Rd1+
Ke5 67. Rb1 g5 68. hxg5 fxg5 69. Ke3 Kf5 70. f3 exf3 71. Kxf3 Ke5 72. Ke3 Kd5
73. Rh1 Rxb4 74. Rxh5 Rb3+ 75. Kf2 Ke4 76. Rxg5 Rb2+ 77. Ke1 Ke3 78. Kd1 Rg2 {
[%mdl 8]} 1/2-1/2

[Event "POL-chT 66th"]
[Site "Katowice"]
[Date "2010.09.07"]
[Round "4"]
[White "Hnydiuk, Aleksander"]
[Black "Krasenkow, Michal"]
[Result "0-1"]
[WhiteElo "2448"]
[BlackElo "2622"]
[Annotator "RR"]
[PlyCount "77"]
[EventDate "2010.09.04"]
[EventType "team-tourn"]
[EventRounds "9"]
[EventCountry "POL"]
[SourceTitle "EXT 2016"]
[Source "ChessBase"]
[SourceDate "2015.10.08"]
[SourceVersion "1"]
[SourceVersionDate "2015.10.08"]
[SourceQuality "1"]
[WhiteTeam "Prokonex"]
[BlackTeam "Gorzow Wielkopolski"]
[WhiteTeamCountry "POL"]
[BlackTeamCountry "POL"]

1. Nf3 d6 2. d4 Nf6 3. c4 c6 4. Nc3 Bf5 $5 5. Nh4 Bg6 (5... Bd7 6. e4 e5 7. Nf3
Bg4 8. Be2 Nbd7 9. Be3 Be7 10. h3 Bxf3 11. Bxf3 O-O 12. O-O Ne8 13. Bg4 exd4
14. Qxd4 Nc5 15. Rad1 Qc7 16. f4 Nf6 17. Bf3 a5 18. g4 Nfd7 19. g5 Rfe8 20. h4
Bf8 21. Qd2 a4 22. h5 Qa5 23. Qc2 Nb6 24. Be2 Rac8 25. Bf2 Ne6 26. Kh1 Nd7 27.
Bg4 a3 28. b3 b5 29. e5 bxc4 30. bxc4 Rb8 31. g6 fxg6 32. hxg6 hxg6 33. Be1
Nxf4 34. Nd5 Qd8 35. Nxf4 {Korobov,A (2720)-Jobava,B (2696) Tromsoe 2013 1-0})
6. e4 e5 7. Be3 Nbd7 8. Nxg6 hxg6 9. Be2 Be7 10. O-O exd4 $146 (10... O-O 11.
Rb1 Nh7 12. f4 exd4 13. Qxd4 g5 14. g3 Re8 15. Rbd1 gxf4 16. gxf4 Nhf8 17. Bf3
Qc7 18. Kh1 Nb6 19. Rg1 Ne6 20. Qd3 Bf6 21. b3 Rad8 22. Ne2 Qe7 23. Ng3 Nc8 24.
Qc2 g6 25. Nh5 Ng7 26. Nxf6+ Qxf6 27. f5 Qe5 28. fxg6 f5 29. Qg2 fxe4 30. Qh3
exf3 31. Qh7+ Kf8 32. Bd4 Ne7 33. Rgf1 Nef5 34. Bxe5 dxe5 35. Rde1 e4 36. Rxf3
{1-0 (36) Sosonko,G (2535)-Van der Wiel,J (2555) Eindhoven 1993}) 11. Qxd4 Nc5
12. f4 (12. f3 Qd7 13. b4 Ne6) 12... a5 13. Bf3 $14 {[%csl Ge3,Ge4,Re8,Gf3]}
Qd7 $1 {[%cal Gf6g4,Gg4e3,Gg4h2,Ge8c8]} 14. Qd1 Qe6 15. Bxc5 dxc5 16. e5 Nh5
17. Bxh5 (17. Bg4 $1 {[%csl Rh5]}) 17... Rxh5 18. Qb3 g5 $1 19. Qxb7 Rd8 20.
Rad1 gxf4 21. Rxd8+ Bxd8 22. Ne2 Rxe5 23. Nxf4 Qd6 24. Nd5 $1 {[%csl Rf7]} f6
25. Nc3 Qd4+ 26. Kh1 Qxc4 27. Qxc6+ Kf7 28. Rd1 Be7 29. Qf3 Qe6 30. g3 c4 31.
Kg2 {[%csl Gf7,Rg2] Paradoxalement, le K Noir qui a été privé de roque est
maintenant plus en sécurité que celui des Blancs} Bb4 32. Rd2 Kg6 $1 33. a3
Bxc3 34. Qxc3 Re3 35. Qc2+ Kh6 36. Qc1 (36. Kf2 $13) 36... Qe4+ 37. Kh3 g5 38.
Rf2 Kh5 39. Qd1+ 0-1

[Event "Tata Steel-A 77th"]
[Site "Wijk aan Zee"]
[Date "2015.01.12"]
[Round "3"]
[White "Ding, Liren"]
[Black "Jobava, Baadur"]
[Result "1-0"]
[WhiteElo "2732"]
[BlackElo "2727"]
[Annotator "RR"]
[PlyCount "43"]
[EventDate "2015.01.10"]
[EventType "tourn"]
[EventRounds "13"]
[EventCountry "NED"]
[EventCategory "20"]
[SourceTitle "CBM 165"]
[Source "ChessBase"]
[SourceDate "2015.03.11"]
[SourceVersion "1"]
[SourceVersionDate "2015.03.11"]
[SourceQuality "1"]

1. d4 d6 2. Nf3 Nf6 3. c4 Bf5 4. Nc3 h6 5. g3 Nbd7 6. Bg2 c6 7. d5 c5 8. O-O g5
9. h4 g4 10. Ne1 Bg7 11. e4 Bh7 12. Nd3 a6 13. a4 Qc7 14. Be3 O-O-O $2 (14...
O-O $14) 15. Rb1 e6 16. b4 exd5 17. bxc5 dxc4 18. e5 Nxe5 19. Rxb7 Qa5 20. Nxe5
dxe5 21. Qa1 Rd3 22. Qb2 1-0